| 000 | 00391nam a22001337a 4500 | ||
|---|---|---|---|
| 999 |
_c6553 _d6553 |
||
| 008 | 200206b ||||| |||| 00| 0 eng d | ||
| 020 |
_a9780324323481 _cXXII, |
||
| 050 | _a330.015 195 WOO | ||
| 082 |
_23ED. _a330.015 195 WOO |
||
| 100 | _aWOOLDRIDGE, JEFFREY M. | ||
| 245 | _aINTRODUCTORY ECONOMETRICS : A MODERN APPROACH | ||
| 250 | _a3ED. | ||
| 260 |
_aTORONTO; _bTHOMSON SOUTH-WESTERN, _c2006. |
||